Medicine: (Record no. 902)

MARC details
000 -LEADER
fixed length control field 00619nam a22002177a 4500
003 - CONTROL NUMBER IDENTIFIER
control field OSt
005 - DATE AND TIME OF LATEST TRANSACTION
control field 20150114152509.0
008 - FIXED-LENGTH DATA ELEMENTS--GENERAL INFORMATION
fixed length control field 150114b xxu||||| |||| 00| 0 eng d
020 ## - INTERNATIONAL STANDARD BOOK NUMBER
International Standard Book Number 0443050783
040 ## - CATALOGING SOURCE
Transcribing agency DNLM
082 ## - DEWEY DECIMAL CLASSIFICATION NUMBER
Classification number WB 100 O2m 1997
100 ## - MAIN ENTRY--PERSONAL NAME
Personal name O'Neil Paul
9 (RLIN) 2205
245 ## - TITLE STATEMENT
Title Medicine:
Remainder of title A core text with Self-assessment /
Statement of responsibility, etc. Paul O'Neil, Tim Dornan, David W. Denning
260 ## - PUBLICATION, DISTRIBUTION, ETC. (IMPRINT)
Place of publication, distribution, etc. USA :
Name of publisher, distributor, etc. Churchill Livingstone ;
Date of publication, distribution, etc. 1997.
300 ## - PHYSICAL DESCRIPTION
Extent 399 p :
Other physical details ill ;
Dimensions 30 cm
504 ## - BIBLIOGRAPHY, ETC. NOTE
Bibliography, etc Includes index
650 ## - SUBJECT ADDED ENTRY--TOPICAL TERM
Topical term or geographic name as entry element Medicine
9 (RLIN) 324
700 ## - ADDED ENTRY--PERSONAL NAME
Personal name Dornana Tim
9 (RLIN) 2430
700 ## - ADDED ENTRY--PERSONAL NAME
Personal name Denning David W.
9 (RLIN) 2431
942 ## - ADDED ENTRY ELEMENTS (KOHA)
Source of classification or shelving scheme Other/Generic Classification Scheme
Koha item type Short Loan
Holdings
Withdrawn status Lost status Source of classification or shelving scheme Damaged status Not for loan Home library Current library Date acquired Source of acquisition Inventory number Total Checkouts Full call number Barcode Date last seen Price effective from Koha item type
    Other/Generic Classification Scheme     MUST Main Library MUST Main Library 14/01/2015   1998/11916   WB 100 O2m 1997 2015-0114 14/01/2015 14/01/2015 Short Loan
    Other/Generic Classification Scheme     MUST Main Library MUST Main Library 29/07/2016   2010/32444   WB 100 O2m 1997 2016-3481 29/07/2016 29/07/2016 Short Loan
    Other/Generic Classification Scheme     MUST Main Library MUST Main Library 12/08/2016   2009/31370   WB 100 O2m 1997 2016-3571 12/08/2016 12/08/2016 Open Shelf